| 000 -CABECERA |
| campo de control de longitud fija |
01655nam a22002297a 4500 |
| 003 - IDENTIFICADOR DEL NÚMERO DE CONTROL |
| campo de control |
OSt |
| 005 - FECHA Y HORA DE LA ÚLTIMA TRANSACCIÓN |
| campo de control |
20230714155735.0 |
| 008 - DATOS DE LONGITUD FIJA--INFORMACIÓN GENERAL |
| campo de control de longitud fija |
230714b ||||| |||| 00| 0 spa d |
| 020 ## - NÚMERO INTERNACIONAL ESTÁNDAR DEL LIBRO |
| Número Internacional Estándar del Libro |
9788408078395 |
| 040 ## - FUENTE DE LA CATALOGACIÓN |
| Centro/agencia transcriptor |
CO-MqBPB |
| 082 ## - NÚMERO DE LA CLASIFICACIÓN DECIMAL DEWEY |
| Número de clasificación |
AN |
| Número de documento/Ítem |
GALh |
| 100 ## - ENTRADA PRINCIPAL--NOMBRE DE PERSONA |
| Nombre de persona |
Gale, Iain/ |
| Fechas asociadas al nombre |
1959- |
| 245 ## - MENCIÓN DE TÍTULO |
| Título |
Un hombre de honor / |
| Mención de responsabilidad, etc. |
Iain Gale: traducción, Simon Saito Navarro. |
| 260 ## - PUBLICACIÓN, DISTRIBUCIÓN, ETC. |
| Lugar de publicación, distribución, etc. |
España: |
| Nombre del editor, distribuidor, etc. |
Planeta, |
| Fecha de publicación, distribución, etc. |
2008. |
| 300 ## - DESCRIPCIÓN FÍSICA |
| Extensión |
315 páginas: |
| Otras características físicas |
Tapa Dura, |
| Dimensiones |
24 cm. |
| 490 ## - MENCIÓN DE SERIE |
| Mención de serie |
1a. edición. |
| 500 ## - NOTA GENERAL |
| Nota general |
Alta Baviera, 1704. El victorioso ejército británico se mantiene en alerta, preparado para luchar por el honor y la gloria. El enemigo es el rey Luis XIV de Francia y sus ansias de poseer toda Europa. Entre ese orgulloso grupo de soldados se encuentra el teniente Jack Steel, un oficial admirado por sus hombres, la mejor infantería del ejército de la reina Ana. Elogiado por su coraje, fuerza y lealtad, el nombre de Steel llega a oídos de su comandante en jefe, el duque de Marlborough. <br/>Con la misión de recuperar una carta cuyo controvertido contenido podría destruir a Marlborough, Steel lidera a sus hombres en la batalla de Blenheim, en una lucha por el honor de otro hombre en la que se expone a su propia muerte y destrucción. Pero el enemigo también se encuentra entre sus propias filas, en la figura del melifluo comandante Jennings, que pretende destruir a Steel y todo lo que representa. <br/>Un hombre de honor es una novela histórica de aventuras perfecta para todos los seguidores del fusilero Sharpe de Bernard Cornwell. |
| 650 ## - PUNTO DE ACCESO ADICIONAL DE MATERIA--TÉRMINO DE MATERIA |
| Término de materia o nombre geográfico como elemento de entrada |
Novela |
| Subdivisión general |
Militar |
| 650 ## - PUNTO DE ACCESO ADICIONAL DE MATERIA--TÉRMINO DE MATERIA |
| Término de materia o nombre geográfico como elemento de entrada |
Novela |
| Subdivisión general |
Historica |
| 650 ## - PUNTO DE ACCESO ADICIONAL DE MATERIA--TÉRMINO DE MATERIA |
| Término de materia o nombre geográfico como elemento de entrada |
Aventura |
| 942 ## - ELEMENTOS DE PUNTO DE ACCESO ADICIONAL (KOHA) |
| Fuente del sistema de clasificación o colocación |
|
| Tipo de ítem Koha |
Libro Literatura |